| 000 | | | 05445cmc1a2200000 x 450 |
| 001 | | | fa4613e8-a6fa-4c78-8370-760664788a5d |
| 005 | | | 20170728101413.0 |
| 200 | 1# | $a | КОКОШКИН ФЕДОР ФЕДОРОВИЧ, ЮРИСТ, ПРИВАТ-ДОЦЕНТ МОСКОВСКОГО УНИВЕРСИТЕТА, ДЕПУТАТ I ГОСУДАРСТВЕННОЙ ДУМЫ, ГОСУДАРСТВЕННЫЙ КОНТРОЛЕР ВРЕМЕННОГО ПРАВИТЕЛЬСТВА, ЧЛЕН КОНСТИТУЦИОННО-ДЕМОКРАТИЧЕСКОЙ ПАРТИИ |
| | $j | 1843-1918 |
| | $k | 1871-1918 |
| 937 | ## | $h | ПБ |
| 801 | #0 | $a | RU |
| | $b | ПБ им. Б.Н. Ельцина |
| | $c | 20170727 |
| 801 | #1 | $a | RU |
| | $b | ПБ им. Б.Н. Ельцина |
| | $c | 20170727 |
| | $2 | rusmarc |
| 801 | #2 | $a | RU |
| | $b | ПБ им. Б.Н. Ельцина |
| | $c | 20170727 |
| | $g | RCR |
| | $2 | rusmarc |
| 856 | ## | $u | http://readingroom.main.prlib.ru/item.aspx?id_node=n100786770 |
| 100 | ## | $a | 20170727l18431918k y0rusy са |
| 101 | 0# | $a | rus |
| 102 | ## | $a | RU |
| 122 | 2# | $a | d1843###### |
| | $a | d1918###### |
| 122 | 2# | $a | d1871###### |
| | $a | d1918###### |
| 215 | ## | $a | 21 единица хранения |
| 251 | ## | $a | 1 опись |
| | $c | Фонд |
| 330 | ## | $a | Федор Федорович Кокошкин (1871-1918) - русский правовед, один из основоположников конституционного права России, политический деятель, один из основателей Конституционно-демократической партии (Партии народной свободы). Депутат Государственной думы I созыва (1906). Государственный контролёр Временного правительства (1917) |
| 330 | ## | $a | В фонде представлены: документы по генеалогии рода Кокошкиных, диплом Гейдельбергского университета об утверждении Ф. Ф. Кокошкина в звании академика, документы о его деятельности в Государственной думе: проекты "Положения об Учредительном собрании народных представителей Российской империи для выработки основного государственного закона" и "Положения о выборах в Учредительное собрание народных представителей" и др. Дневники жены Ф. Ф. Кокошкина |
| 300 | ## | $a | Использованы материалы сайта ГА РФ (http://statearchive.ru/383) |
| 700 | #1 | $a | Кокошкин |
| | $b | Ф. Ф. |
| | $f | 1871-1918 |
| | $g | Федор Федорович |
| 850 | ## | $a | Государственный архив Российской Федерации (ГА РФ) |
| 852 | ## | $a | ГА РФ |
| | $j | 1190 |
| 600 | #1 | $2 | prlib_sh |
| | $3 | LIBNET\UAF\0000067587 |
| | $a | Кокошкин |
| | $b | Ф. Ф. |
| | $f | 1871-1918 |
| | $g | Федор Федорович |
| | $j | Архивы |
| 607 | ## | $2 | nlr_sh |
| | $3 | RU\NLR\AUTH\6601610501 |
| | $a | Россия |
| | $j | Архивы |
| | $x | Политика и управление |
| | $z | 2-я пол. 19 - нач. 20 вв. |
| 605 | ## | $2 | acquisition_Prlib |
| | $3 | DITM\AF\0000002775 |
| | $a | Власть |
| | $l | коллекция |
| 605 | ## | $a | Народ |
| | $l | коллекция |
| | $2 | acquisition_Prlib |
| | $3 | DITM\AF\0000003834 |
| 605 | ## | $a | Россия в лицах |
| | $l | коллекция |
| | $2 | acquisition_Prlib |
| | $3 | DITM\AF\0000004166 |
| 686 | ## | $2 | rubbk |
| | $a | 63.3(2)52л63 |
| | $v | LBC/M |
| 686 | ## | $a | 63.3(2)53л63 |
| | $v | LBC/M |
| | $2 | rubbk |